000 00522nam a2200169 a 4500
001 000036330
005 20200930075655.0
008 120113s1980 ru ad 000 0 spa d
040 _aDO-SdBNP
_bspa
_cBNPHU
082 _axxx
_bF799a
100 1 _aFradkin, V. A.
_962491
245 1 0 _aAlergenos /
_cV. A. Fradkin; traducido del ruso María Pérez Pérez.
260 _aMoscu :
_bMir,
_c1980.
300 _a230 p. ;
_cil., diagrs. ;
_c23 cm.
590 _aInventariado, 2019/ YL
700 1 _aPérez Pérez, María,
_etr.
_962492
999 _c35821
_d35821